Hijrah Cinta, Kerana Dia / (Record no. 131124)

MARC details
000 -LEADER
fixed length control field 00785nam a2200253 i 4500
001 - CONTROL NUMBER
control field C2-0332475
003 - CONTROL NUMBER IDENTIFIER
control field PPAK
005 - DATE AND TIME OF LATEST TRANSACTION
control field 20221208121006.0
008 - FIXED-LENGTH DATA ELEMENTS--GENERAL INFORMATION
fixed length control field 150730s2015 my g 0 f may d
020 ## - INTERNATIONAL STANDARD BOOK NUMBER
International Standard Book Number 9789670246949
Terms of availability RM0.00
Qualifying information paperback
040 ## - CATALOGING SOURCE
Original cataloging agency PPAK
Language of cataloging eng
Transcribing agency PPAK
Description conventions rda
082 04 - DEWEY DECIMAL CLASSIFICATION NUMBER
Classification number 899.2333
Edition number 23
090 00 - LOCALLY ASSIGNED LC-TYPE CALL NUMBER (OCLC); LOCAL CALL NUMBER (RLIN)
Classification number (OCLC) (R) ; Classification number, CALL (RLIN) (NR) 899.2333
Feature heading FIE
Feature heading G
100 0# - MAIN ENTRY--PERSONAL NAME
Personal name Fieyta An Nisa,
Relator term author.
245 10 - TITLE STATEMENT
Title Hijrah Cinta, Kerana Dia /
Statement of responsibility, etc. Fieyta An Nisa
264 #1 - PRODUCTION, PUBLICATION, DISTRIBUTION, MANUFACTURE, AND COPYRIGHT NOTICE
Place of production, publication, distribution, manufacture Bandar Tun Hussein Onn, Cheras, Selangor :
Name of producer, publisher, distributor, manufacturer Penerbitan Karya Seni sdn. Bhd. ,
Date of production, publication, distribution, manufacture, or copyright notice 2015
300 ## - PHYSICAL DESCRIPTION
Extent iii, 524 pages ;
Dimensions 18 cm
336 ## - CONTENT TYPE
Source rdacontent
Content type term text
337 ## - MEDIA TYPE
Source rdamedia
Media type term unmediated
338 ## - CARRIER TYPE
Source rdacarrier
Carrier type term volume
650 10 - SUBJECT ADDED ENTRY--TOPICAL TERM
Topical term or geographic name entry element Malay fiction.
710 2# - ADDED ENTRY--CORPORATE NAME
Corporate name or jurisdiction name as entry element Jabatan Editorial Karyaseni,
Date of meeting or treaty signing editor.
942 ## - ADDED ENTRY ELEMENTS (KOHA)
Koha item type Book
Source of classification or shelving scheme Dewey Decimal Classification
Holdings
Withdrawn Not for loan Current library Shelving location Date acquired Full call number Barcode Date last seen Koha item type Total Checkouts Date last checked out
    Perpustakaan Alor Setar Pinjaman Dewasa 07/12/2022 899.2333 FIE A00746677 22/09/2024 Book 6 09/09/2024
    PD15, Kg. Naga, Kepala Batas Pinjaman Dewasa 09/08/2015 899.233 FIE A01455535 09/05/2018 Book    
    PD35, Kg. Sungai Daun, Yan Pinjaman Dewasa 09/08/2015 899.233 FIE A01455531 09/05/2018 Book    
    PD37, Kg. Belat, Pendang Pinjaman Dewasa 09/08/2015 899.233 FIE A01455532 09/05/2018 Book    
    PD37, Kg. Belat, Pendang Pinjaman Dewasa 09/08/2015 899.233 FIE A01455533 09/05/2018 Book    
    PD38, KEDA Tanjung Setol, Pendang Pinjaman Dewasa 09/08/2015 899.233 FIE A01455534 09/05/2018 Book    
    PD39, Felda Bukit Tembaga, Kuala Nerang Pinjaman Dewasa 09/08/2015 899.233 FIE A01455536 09/05/2018 Book